LEADER 00562nam a2200169 i 4500 001 000000223167 003 CaOOAMICUS 005 20131007000000.0 008 131007s1881 it u000 u fre u 013 $a202064 040 $aSeMil$bita 245 10$aTome 1. 300 $aXIX, 500 p. 773 0 $aGratry, Alphonse <1805-1872>$tDe la connaissance de Dieu.$b8. éd.$dParis : Jules Gervais, 1881$g1$w()19242 850 $aSeMil 852 $aSeMil$W1$xVenegono$y1$m2P I 16 FA$j173513$B173513$CSeMilBibl$Z2$F183889 $8I 996 $6245$aTome 1$9(OLS)http://semarc/title/1447 LEADER 01437nam a2200277 i 4500 001 000000067100 003 CaOOAMICUS 005 20140217000000.0 008 140217s1962 xx u000 u spa u 013 $a38272 040 $aSeMil$bita 100 1 $aQuezada Toruņo, Rodolfo .$0(OLS)http://semarc/name/27542 245 13$aLa perseverancia del consentimiento matrimonial en la "Sanatio in Radice" /$cRodolfo Quezada Toruņo. 260 $aRoma :$bLibreria Editrice dell'Universitā Gregoriana,$c1962. 300 $aXIX, 129 p. ;$c24 cm. 490 0 $aAnalecta Gregoriana ;$v127. 490 0 $aAnalecta Gregoriana. Series Facultatis Iuris Canonici. Sectio B ;$v11 500 $aContiene : Bibliografia. 650 4$aMatrimonio - Consenso - Diritto Canonico.$0(OLS)http://semarc/subject/10819 650 4$aMatrimonio canonico - Sanatio in radice.$0(OLS)http://semarc/subject/13093 830 0$aAnalecta Gregoriana ;$v127.$0(OLS)http://semarc/title/9 830 0$aAnalecta Gregoriana. Series Facultatis Iuris Canonici. Sectio B ;$v11.$0(OLS)http://semarc/title/21674 850 $aSeMil 852 $aSeMil$W1$xVenegono$y1$m2N V 227$j33253$B33253$CSeMilBibl$Z2$F33256 $81 996 $6245$aLa perseverancia del consentimiento matrimonial en la "Sanatio in Radice"$9(OLS)http://semarc/title/106880 996 $6260$aRoma :$bLibreria Editrice dell'Universitā Gregoriana$9(OLS)http://semarc/publisher/33258